| 000 | 00713nam a22002417a 4500 | ||
|---|---|---|---|
| 001 | BD-DhSAU 2126 | ||
| 003 | BD-DhSAU | ||
| 005 | 20150126131900.0 | ||
| 008 | 150126s1987 ii a||||r|||| 001 0 eng d | ||
| 020 | _a8185005508 | ||
| 040 | _aBD-DhSAU | ||
| 082 |
_222 _a635.9 _bSAV |
||
| 100 | _aSalunkhe, D K | ||
| 245 |
_aVegetable and flower seed production / _cD K Salunkhe; B B Desai; N R Bhat |
||
| 260 |
_aNew Delhi, India : _bAgricole Pub. Academy, _c1987. |
||
| 300 |
_aviii, 487 p. : _bill. ;22 cm. |
||
| 504 | _aIncludes bibliographical references and index. | ||
| 590 | _aerfat | ||
| 650 |
_aSeed _vtechnology. |
||
| 650 |
_aVegetables _vSeeds. |
||
| 700 | _aDesai, B B | ||
| 700 | _aBhat, N R | ||
| 942 |
_2ddc _cBOOK |
||
| 999 |
_c2126 _d2126 |
||